000 00448nam a2200181Ia 4500
005 20240823053500.0
008 240823s9999||||xx |||||||||||||| ||und||
041 _aENGLISH
082 _A621.3815 N3
100 _aBhargava N N [et al]
245 0 _aBasic Electronics and Linear Circuits
250 _a1st
260 _c1993
_b"TMH,New Delhi"
500 _aTRANSFERED
650 _aElectronics
_bElectronics
942 _cBK
999 _c224255
_d224255